000 00271nam a22001217a 4500
008 180521b xxu||||| |||| 00| 0 eng d
041 _aeng
080 _a043.3
100 _a0
101 _aARK-BTH
245 _aNdërtese Afartiste Banesore
_cSalihu,L
942 _2udc
_cBK
999 _c46108
_d46108